| 000 | 00836cam a22002411 4500 | ||
|---|---|---|---|
| 001 | sa 68019089 | ||
| 003 | DLC | ||
| 005 | 20260227112716.0 | ||
| 008 | 850514s1961 io f100 0 eng | ||
| 010 | _asa 68019089 | ||
| 035 | _a(OCoLC)12034677 | ||
| 040 |
_aDLC _cIDeKN _dDLC |
||
| 042 | _apremarc | ||
| 043 | _aa-io--- | ||
| 050 | 0 | 0 |
_aDS638 _b.S9 |
| 100 | 1 |
_aSukarno, _d1901-1970. |
|
| 245 | 1 | 0 | _aFrom non-alignment to coordinated accumulation of moral force toward friendship, peace, and social justice among nations. |
| 260 |
_a[Djakarta] : _bDept. of Information, Republic of Indonesia, _c[1961] |
||
| 300 |
_a27 p. ; _c21 cm. |
||
| 490 | 0 |
_aSpecial issue ; _v80 |
|
| 500 | _a"An address ... before the Belgrade Summit Conference of Nonaligned Countries on 1st September 1961." | ||
| 651 | 0 |
_aIndonesia _xForeign relations. |
|
| 999 |
_c88814 _d88814 |
||